000 00317nam a22001337a 4500
008 170612b xxu||||| |||| 00| 0 eng d
020 _a9780742567344
041 _aeng
080 _a32
100 _a19
101 _aSHP
245 _aCENTRAL EUROPEAN POLITICS FROM ECONOMY
_cWOLCHIK.SH.L
942 _2udc
_cBK
999 _c16930
_d16930